| 000 | 00939nam a2200337Ia 4500 | ||
|---|---|---|---|
| 003 | OSt | ||
| 005 | 20220912144544.0 | ||
| 006 | a|||||r|||| 00| 0 | ||
| 007 | ta | ||
| 008 | 220909b |||||||| |||| 00| 0 eng d | ||
| 020 | _a8121911427 (pbk) | ||
| 020 | _aSL00859533 | ||
| 024 | _a186100 | ||
| 037 | _cTextual | ||
| 040 |
_aCSL _beng _cCSL |
||
| 041 | _aeng | ||
| 082 | _aD66, N7;P2.2;1 | ||
| 100 | _aTheraja BL; Theraja AK | ||
| 245 | 0 | _aTextbook of electrical technology in S I system of units | |
| 260 |
_aNew Delhi _b S Chand _c2002 |
||
| 300 | _axiii,801-1456p. | ||
| 490 | _aAC and DC machines in S I system of units | ||
| 650 | _a DC motors | ||
| 650 | _a Special machines | ||
| 650 | _a Stepper motors | ||
| 650 | _aElectrical technology | ||
| 700 | _aTheraja BL; Theraja AK | ||
| 942 |
_hD66, N7;P2.2;1 _cTEXL _2CC |
||
| 999 |
_c11878 _d11878 |
||